Voos com origem em São Paulo (CGH) - Statistics

Estatísticas Gerais
  • Esse quiz foi jogado 39 vezes
  • A pontuação média é 27 de 40
Estatísticas das Respostas
Cia aérea Destino % Correto
Gol, LATAM, Voepass Florianópolis
97%
Azul, Gol, LATAM Porto Alegre
97%
Gol, Voepass Rio de Janeiro-Galeão
97%
Azul, Gol, LATAM Rio de Janeiro-Santos Dumont
97%
Azul, Gol, LATAM Belo Horizonte-Confins
93%
Azul, Gol, LATAM Brasília
93%
Azul, Gol, LATAM Curitiba
93%
Gol, LATAM Goiânia
93%
Azul Conecta Rio de Janeiro-Jacarepaguá
93%
Gol, LATAM Salvador
93%
Gol, LATAM Campo Grande
90%
Gol, LATAM Cuiabá
87%
Azul, Gol Aracaju
83%
Azul, Gol, LATAM Recife
83%
Gol, LATAM Vitória
83%
Azul, Gol, LATAM Fortaleza
77%
Azul, Gol, LATAM João Pessoa
77%
Azul, Gol, LATAM Maceió
77%
Gol, LATAM Londrina
70%
Azul, Gol, LATAM Natal
70%
Gol, LATAM, Voepass Ribeirão Preto
70%
Gol, LATAM Foz do Iguaçu
67%
Gol, LATAM Maringá
67%
Gol, LATAM Navegantes
67%
Gol, LATAM Uberlândia
63%
Azul, Gol, LATAM Ilhéus
60%
Gol, LATAM São José do Rio Preto
60%
Gol Chapecó
57%
Azul, Gol, LATAM Porto Seguro
57%
Gol, Voepass Presidente Prudente
57%
Gol, LATAM Caxias do Sul
53%
Gol Uberaba
50%
Gol, Voepass Juiz de Fora
43%
Gol Montes Claros
43%
Gol, LATAM, Voepass Joinville
40%
Gol Araçatuba
37%
Gol Bonito
33%
Gol Caldas Novas
27%
Voepass Ipatinga
10%
Azul, LATAM Una-Comandatuba
10%
Nenhum quiz correspondente encontrado
Distribuição das Pontuações
Porcentagem de Pessoas com Cada Pontuação
Percentil de Números Respondidos
Sua Pontuação Histórica
Você não jogou esse quiz